000 00592nam a2200229Ia 4500
003 OSt
005 20220918201409.0
006 a|||||r|||| 00| 0
007 ta
008 220917b |||||||| |||| 00| 0 eng d
024 _a93,656
037 _cTextual
040 _aARTS
_cARTS
_beng
041 _2eng
_aeng
082 _aV1N4.N9, N5
100 _aSatish Kumar ed
_926888
245 0 _aUnited Nations at 50
_b an Indian View
260 _aN.D
_bU B S Pub
_c1995
650 _aHISTORY
942 _hV1N4.N9, N5
_cTEXL
_2CC
999 _c217298
_d217298